Going to meet the man
Zapisane w:
| 1. autor: | |
|---|---|
| Format: | Książka |
| Język: | angielski |
| Wydane: |
Nueva York
Dell Publishing Co., Inc
1969
|
| Wydanie: | 5a. ed |
| Hasła przedmiotowe: | |
| Etykiety: |
Dodaj etykietę
Nie ma etykietki, Dołącz pierwszą etykiete!
|
MARC
| LEADER | 00000cam a2200000 a 4500 | ||
|---|---|---|---|
| 001 | UCC3837 | ||
| 003 | CL-VaPUC | ||
| 008 | 180622e19690000us |||||||||||||||||eng|d | ||
| 082 | 0 | 4 | |a 813 |b BAL |2 21 |
| 100 | 0 | |a Baldwin, James |e author |9 597953 | |
| 245 | 1 | 0 | |a Going to meet the man |
| 250 | |a 5a. ed | ||
| 300 | |a 220 p | ||
| 942 | |c BK | ||
| 945 | |d 20180622 13:48:00 |a dcastane | ||
| 260 | |a Nueva York |b Dell Publishing Co., Inc |c 1969 | ||
| 650 | 0 | |a Novelas estadounidenses |9 265217 | |
| 650 | 0 | |a Literatura estadounidense |9 317168 | |
| 583 | |a last modification |c 20180622 13:48:00 |k Rodrigo Vera | ||
| 999 | |c 371505 |d 371503 | ||
| 952 | |0 0 |1 0 |3 erb |4 0 |6 813_000000000000000_BAL_1969 |7 0 |8 A |9 488511 |a BIBEDU |b BIBEDU |i 5476623 |o 813 BAL 1969 |p 5476623 |r 2019-11-24 |w 2019-11-24 |y BK |z Catalogado en:20180622 |k LIT | ||